Регионална библиотека "Любен Каравелов" - Русе

Родства по избор (Запис номер 330175)

MARC детайли
000 -Лидер
Контролно поле с фиксирана дължина 01184nam a2200289 a 4500
003 - Код на организацията, давaща контролен номер
Контролно поле BLK
005 - Дата и час на последна редакция
Контролно поле 20250110140421.0
008 - Елементи от данни с фиксирана дължина
fixed length control field 190411b bu |||||r|||| 00| 0 bu d
020 ## - Международен стандартен номер на книга ISBN
Международен стандартен номер на книга ISBN 9789542962601
040 ## - Източник на каталожния запис
Идентификатор на билиотеката - собственик на записа BLK
041 ## - Код за език
Код за езика на текст/звукозапис или на отделно заглавие Български
Код за езика КДБФ Български
080 ## - УДК
Текстов определител УДК Немска литература
УДК код - определител по УДК 821.112.2
УДК определител -31
УДК - код + определител 821.112.2-31
100 ## - Редна дума - Автор
R(LIN) 363966
Автор Гьоте, Йохан Волфганг фон
Авторска отговорност първи автор
139 ## - Редно поле
Редна дума Гьоте, Йохан Волфганг фон
Авторски знак Гън - Г 97
245 ## - Сведения за заглавието
Заглавие Родства по избор
Редно поле (дума) Йохан Волфганг фон Гьоте ; прев. от нем. Людмила Костова
250 ## - Област на изданието
Сведения за изданието 2. изд.
260 ## - Област на издателските данни
9 (RLIN) 217700
Място на издаване, разпространение и проч. София
Име на издателя, разпространителя и проч. Апостроф
Година на издаване 2018
Печатница София: Ропринт
300 ## - Физическа характеристика
Страници 255 с.
Размери/Мащаб 21 см
380 ## - Жанр
Жанр Худож. лит.
500 ## - Общи забележки
Забележка Ориг. загл.: Die Wahlverwandtschaften / Johann Wolfgang von Goethe. - Без сведение за 1. изд.
700 ## - Други автори (авторска отговорност)
9 (RLIN) 1091
Лично име Костова, Людмила Маринова
Автороска отговорност (Описва отношението между автора и произведението) прев. от нем.
852 ## - Местоположение
Форматна сигнатура Цб 294435
999 ## - СИСТЕМНИ КОНТРОЛНИ НОМЕРА
Koha biblionumber 330175
Koha biblioitemnumber 330175
942 ## - АРТИКУЛИ
Вид на библиотечния материал Книги
Скрит в OPAC Не
Koha issues (borrowed), all copies 4
944 ## - СЪЗДАВАНЕ И РЕДАКЦИЯ на ЗАПИСА
Създаване/Редакция Създаване
Дата на регистрацията/редакция 2019-04-11
Служител, извършил регистрацията/редакцията 30530
Статус, дата на статуса Минев Младен
999 ## - СИСТЕМНИ КОНТРОЛНИ НОМЕРА
Koha biblioitemnumber 330175
999 ## - СИСТЕМНИ КОНТРОЛНИ НОМЕРА
Koha biblioitemnumber 330175
Наличности
Код за отписване Код за изгубен артикул Източник на класификационната схема Код за повреда Коз за рестрикции Код за отдаване Артикулен № Име на библиотеката - собственик Име на библиотеката, в която се намира в момента Статус (Текущо местоположение) Дата на вписване в системата Местоположение - отдел Цена в лева Систематично азбучна сигнатура Баркод Цена в евро Служебен тип на артикула
  Не е изгубен Universal Decimal Classification Не е повреден само за читалня ползва се в читалня 701402 Регионална библиотека "Любен Каравелов" Русе Регионална библиотека "Любен Каравелов" Русе Хранилище 2019-04-16 Хранилище 13.99 Цб 294435 120000831324 7.15 Книги
  Не е изгубен Universal Decimal Classification Не е повреден   заемане за дома 708824 Регионална библиотека "Любен Каравелов" Русе Регионална библиотека "Любен Каравелов" Русе Заемна - подръчен фонд 2019-05-20 Заемна - подръчен фонд 13.99 П 830-31/Г 97 120000831750 7.15 Книги
Vip Innovations Ltd, Rousse, Bulgaria 2025